000 01246cab a2200313 4500
001 WB3428-46
008 090401t1998 xxu||||| |||| 00| 0 eng d
035 _a(Sirsi) u87547
041 _aeng
245 _aNew deal for transport - White paper
260 _c1998
350 _a0
490 _aFinancial Times
_v21 July 1998, 1,11
490 _aDETR News Release
_v(603) 20 July 1998 (11)
520 _aDeputy Prime Minister John Prescott has unveiled plans for radical reform of transport in a white paper, "New Deal for Transport", which aims to provide more choice for transport users, better integration of transport services and a transport system which is safe, efficient, clean and fair. The reforms aim to reduce the importance of the car and to promote the train, bus and the bicycle. Table. Graphs.
650 _aBICYCLES
650 _aBUSES
650 _aFUNDING
650 _aINTEGRATED TRANSPORT SYSTEMS
650 _aNEW DEAL FOR TRANSPORT
650 _aPUBLIC TRANSPORT
650 _aREFORM
650 _aPROPERTY-INFRASTRUCTURE-TRANSPORT INFRASTRUCTURE-ROAD INFRASTRUCTURE
650 _aTRAINS
650 _aWHITE PAPER
690 _aTRANSPORT AND COMMUNICATIONS
942 _n0
948 _c22/07/1998
999 _c55233
_d55233